| 000 | 02179cam a22005414i 4500 | ||
|---|---|---|---|
| 003 | PE-LiUPU | ||
| 005 | 20250731184601.0 | ||
| 008 | 150706s r 000 0 d | ||
| 020 | _a9786124541902 | ||
| 035 | _a(Sirsi) i9786124541902 | ||
| 040 |
_aPE-LiUPU _bspa _cPE-LiUPU _erda |
||
| 049 | _aPRUA | ||
| 082 | 0 | 4 |
_a985.732 _bR31 _221 |
| 100 | 1 |
_aReátegui Noriega, Edgar, _eautor. |
|
| 245 | 1 | 0 |
_aSauce, La Laguna Azul : _bun lugar en San Martín / _cEdgar Reátegui Noriega, Carola Elena Palomino Eléspuru, Jhonney Luis Noriega Ríos. |
| 264 | 1 |
_aIquitos : _bFondo Editorial Universitario de la UNAP, _c2011. |
|
| 300 |
_a138 páginas : _bilustraciones ; _c21 cm. |
||
| 336 |
_atext _2rdacontent |
||
| 337 |
_aunmediated _2rdamedia |
||
| 338 |
_avolume _2rdacarrier |
||
| 504 | _aIncluye bibliografía. | ||
| 505 | 0 | _aUbicación espacio temporal -- Origen mítico e histórico del distrito de Sauce -- Aspecto social, político y económico del distrito de Sauce -- Aspecto educativo y cultural del distrito de Sauce. | |
| 526 | _aP136 | ||
| 526 | _aP135 | ||
| 526 | _aP134 | ||
| 526 | _aP133 | ||
| 526 | _aP144 | ||
| 526 | _aP143 | ||
| 526 | _aP87 | ||
| 526 | _aP35 | ||
| 526 | _aP20 | ||
| 526 | _aP14 | ||
| 526 | _aP10 | ||
| 526 | _aP06 | ||
| 651 |
_aSauce, S.M. (Perú : Distrito) _xDescripciones y viajes |
||
| 651 |
_aSauce, S.M. (Perú : Distrito) _xCondiciones económicas |
||
| 651 |
_aSauce, S.M. (Perú : Distrito) _xCondiciones sociales |
||
| 651 |
_aAzul, Laguna (Perú) _xDescripciones y viajes. |
||
| 700 | 1 |
_aPalomino Eléspuru, Carola Elena, _eautor. |
|
| 700 | 1 |
_aNoriega Ríos, Jhonney Luis, _eautor. |
|
| 910 |
_agl _cng _d20130226 |
||
| 942 |
_2ddc _cBOOK |
||
| 949 |
_a985.732 R31 _wDEWEY _c1 _i66480 _lCCODEBUL1 _mBUL _p10.00 _r0 _sY _tBOOK _u2015-7-6 _xBIBLIOTECA _zUNKNOWN _o.STAFF. Colección General |
||
| 994 |
_aC0 _bPEPRU |
||
| 596 | _a1 | ||
| 999 |
_a985.732 R31 _wDEWEY _c54655 _i66480 _f2021-11-8 _g5 _lCCODEBUL1 _mBUL _p10.00 _r0 _sY _tBOOK _u2015-7-6 _xBIBLIOTECA _zUNKNOWN _0COMPRA _o.STAFF. Colección General _d54655 |
||
| 980 |
_81 _gALBERTO SANCHEZ Responsable de Automatización |
||